000 00835nam a2200253Ia 4500
003 OSt
005 20220923211353.0
006 a|||||r|||| 00| 0
007 ta
008 Pun
020 _a97881867458 (hbk)
_c175
024 _a281,351
037 _b857, 12/08/2014, H.K. Prakashan
_cTextual
040 _aARTS
_cARTS
_bPun
041 _2Pun
_aPun
082 _aO153,3NK04x, Q2
100 _aਕੋਸਲ, ਹਰਭਜਨ ਸਿੰਘ
_9156315
245 0 _aਤਾਰਿਆ ਵੇ ਤੇਰੀ ਲੋਅ
260 _aਦਿੱਲੀ
_b ਸਤਵੰਤ ਬੁਕ ਏਜੰਸੀ
_c2012
300 _a126ਪੰ
_ccm.
650 _aਪੰਜਾਬੀ ਸਾਹਿਤ
942 _hO153,3NK04x, Q2
_cTEXL
_2CC
999 _c298871
_d298871